| 000 | 00000nam##2200000za#4500 |
| 001 | 9.558815 |
| 003 | CaOODSP |
| 005 | 20210624172555 |
| 007 | cr ||||||||||| |
| 008 | 150406|2004||||xxc|||||o f|0| 0 eng|d |
| 020 | |a0-662-36397-3 |
| 040 | |aCaOODSP|beng |
| 043 | |an-cn--- |
| 086 | 1 |aPS3-1/2004-2E-PDF |
| 110 | 1 |aCanada. |bPublic Safety and Emergency Preparedness Canada. |
| 245 | 10|aPredictors of sexual recidivism : |h[electronic resource]|ban updated meta-analysis / |c[by] R. Karl Hanson and Kelly Morton-Bourgon. |
| 260 | |aOttawa - Ontario : |bPublic Safety and Emergency Preparedness Canada |c[2004]. |
| 300 | |a53p.|breferences, tables |
| 490 | 1 |aCorrections research, user report|v2004-02 |
| 590 | |a12-43-Supp|b2012-12-07 |
| 690 | 07|aSexual offenses|2gcpds |
| 775 | 08|tLes prédicteurs de la récidive sexuelle : |w(CaOODSP)9.591646 |
| 830 | #0|aCorrections research, user report ;|v2004-02|w(CaOODSP)9.504759 |
| 856 | 40|ahttp://publications.gc.ca|qPDF|s179 KB|uhttps://publications.gc.ca/collections/collection_2012/sp-ps/PS3-1-2004-2-eng.pdf|y2004-02 |